WWE- All Grand Slam/Triple Crown Champions - Statistics

General Stats
  • This quiz has been taken 856 times
    651 since last reset
  • The average score is 17 of 38
Answer Stats
Name % Correct
Triple H
84%
Roman Reigns
73%
Seth Rollins
73%
Shawn Michaels
72%
Randy Orton
71%
Kane
68%
The Miz
66%
Dean Ambrose
65%
Edge
62%
Chris Jericho
59%
Steve Austin
58%
The Rock
58%
Big Show
57%
Kofi Kingston
53%
Jeff Hardy
51%
Christian
50%
Rey Mysterio
49%
Bret Hart
46%
Kurt Angle
46%
CM Punk
45%
Daniel Bryan
45%
Dolph Ziggler
45%
Ric Flair
44%
Chris Benoit
43%
Eddie Guerrero
42%
Rob Van Dam
37%
JBL/John Bradshaw Layfield
35%
Drew McIntyre
32%
Booker T
31%
Diesel/Kevin Nash
30%
Adam Cole
23%
Bayley
21%
Johnny Gargano
19%
Asuka
16%
Pedro Morales
12%
Alexa Bliss
10%
Dash Wilder
2%
Scott Dawson
2%
No matching quizzes found
Score Distribution
Percent of People with Each Score
Percentile by Number Answered
Your Score History
You have not taken this quiz since the last reset